000 00648nam a2200193 i 4500
001 103567
003 ES-MaACL
005 20230906183411.0
007 t|
008 060417s1956 pr ||||1| spa d
080 _a821.134.2(729.5)-14"19"
100 1 _aGarrastegui, Anagilda.
_955641
245 1 0 _aDesnudez
_b: 1955-1956 /
_cAnagilda Garrastegui ; con poemas introductorios de: Cesáreo Rosa-Nieves y Ramón Felipe Medina.
260 _aSan Juan, Puerto Rico :
_b[s.n.,
_c1956]
300 _a67 p. ;
_c20 cm.
700 1 _aRosa-Nieves, Cesáreo.
_999617
700 1 _aMedina, Ramón Felipe.
_979711
852 _aES-MaACL
_jC-56888
_bR.137434
999 _c103567
_d103567